ბათუმის შოთა რუსთაველის სახელმწიფო უნივერსიტეტის ბიბლიოთეკა

Проектирование металлических мостов. (ბიბ.ჩანაწერი № 40722)

000 -LEADER
fixed length control field 00626nam a2200217Ia 4500
001 - CONTROL NUMBER
control field 7359
003 - CONTROL NUMBER IDENTIFIER
control field GE_BSU
008 - FIXED-LENGTH DATA ELEMENTS--GENERAL INFORMATION
fixed length control field 181216s||||||||xx |||||||||||||| ||und||
040 ## - CATALOGING SOURCE
Transcribing agency GE_BSU
080 ## - UNIVERSAL DECIMAL CLASSIFICATION NUMBER
Universal Decimal Classification number 624.2/.8
100 ## - MAIN ENTRY--PERSONAL NAME
Personal name Гибшман,Е.Е.
245 ## - TITLE STATEMENT
Title Проектирование металлических мостов.
245 ## - TITLE STATEMENT
Remainder of title Учебник.
245 ## - TITLE STATEMENT
Statement of responsibility, etc. Ред. К.М.Ивановская
260 ## - PUBLICATION, DISTRIBUTION, ETC.
Place of publication, distribution, etc. М.
260 ## - PUBLICATION, DISTRIBUTION, ETC.
Name of publisher, distributor, etc. Транспорт.
260 ## - PUBLICATION, DISTRIBUTION, ETC.
Date of publication, distribution, etc. 1969.
300 ## - PHYSICAL DESCRIPTION
Extent 416стр.с илл.27см.
653 ## - INDEX TERM--UNCONTROLLED
Uncontrolled term Проектирование металлических мостов.
942 ## - ADDED ENTRY ELEMENTS (KOHA)
Koha item type წიგნი
ეგზემპლარები
Withdrawn status Lost status Damaged status Not for loan Date acquired Barcode Date last seen Price effective from Koha item type
        2018-12-17 11631 2018-12-17 2018-12-17 წიგნი
        2018-12-17 11632 2018-12-17 2018-12-17 წიგნი